ბათუმის შოთა რუსთაველის სახელმწიფო უნივერსიტეტის ბიბლიოთეკა

ხორბლის სილაქავების გამომწვევთა პოპულაციების სახეობრივი და შიდასახეობრივი სტრუქტურა საქართველოში და სელექციისათვის საწყისი მასალის შერჩევა / (ბიბ.ჩანაწერი № 51915)

000 -ლიდერი
ფიქსირებული სიგრძის საკონტროლო ველი 02007nam a2200253Ia 4500
001 - საკონტროლო ნომერი
საკონტროლო ველი 18915
003 - საკონტროლო ნომრის იდენტიფიკატორი
საკონტროლო ველი GE_BSU
005 - ბოლო ოპერაციის თარიღი და დრო
საკონტროლო ველი 20210426134631.0
008 - ფიქსირებული სიგრძის მონაცემთა ელემენტები - ზოგადი ინფორმაცია
ფიქსირებული სიგრძის საკონტროლო ველი 181216s2013||||ge |||||||||||||| ||geo||
040 ## - კატალოგიზაციის წყარო
Transcribing agency GE_BSU
041 ## - ენის კოდი
Language code of text/sound track or separate title geo
080 ## - უნივერსალური ათობითი კლასიფიკაციის ინდექსი
Universal Decimal Classification number 63 გ-12
100 ## - მთავარი ჩანაწერი - პიროვნების სახელი
Personal name გორგილაძე, ლამზირი
9 (RLIN) 11606
245 ## - ცნობა სათაურის შესახებ
Title ხორბლის სილაქავების გამომწვევთა პოპულაციების სახეობრივი და შიდასახეობრივი სტრუქტურა საქართველოში და სელექციისათვის საწყისი მასალის შერჩევა /
Statement of responsibility, etc ლამზირი გორგილაძე; სამეცნიერო ხელმძღვანელი გ. მეფარიშვილი, ო.შაინიძე; ბათუმის შოთა რუსთაველის სახ-ფო უნ-ტი.
264 ## - წარმოების, გამოცემის, დისტრიბუციის და სხვა ცნობები
გამოცემის, წარმოების, დისტრიბუციის... ადგილი ბათუმი,
გამოცემის, წარმოების, დისტრიბუციის... თარიღი 2013.
300 ## - ფიზიკური აღწერა
Extent 166 გვ. ;
Other physical details 30 სმ.
653 ## - INDEX TERM--UNCONTROLLED
Uncontrolled term დისერტაცია
653 ## - INDEX TERM--UNCONTROLLED
Uncontrolled term სოფლის მეურნეობა
653 ## - INDEX TERM--UNCONTROLLED
Uncontrolled term ხორბლის სილაქავების გამომწვევთა პოპულაციების სახეობრივი და შიდასახეობრივი სტრუქტურა საქართველოში და სელექციისათვის საწყისი მასალის შერჩევა
700 ## - ADDED ENTRY--PERSONAL NAME
Personal name მეფარიშვილი, გ.
Relator term სამეცნიერო ხელმძღვანელი
9 (RLIN) 11607
700 ## - ADDED ENTRY--PERSONAL NAME
Personal name შაინიძე, ო.
Relator term სამეცნიერო ხელმძღვანელი
9 (RLIN) 11608
710 ## - ADDED ENTRY--CORPORATE NAME
Corporate name or jurisdiction name as entry element ბათუმის შოთა რუსთაველის სახ-ფო უნ-ტი
9 (RLIN) 11609
942 ## - ADDED ENTRY ELEMENTS (KOHA)
Koha item type წიგნი
Source of classification or shelving scheme
ეგზემპლარები
ჩამოწერის სტატუსი დაკარგული ეგზემპლარის სტატუსი კლასიფიკაციის წყარო ან თაროზე გაწყობის სქემა დაზიანების სტატუსი არ გაიცემა მუდმივი მდებარეობა (დაცვის ადგილი) ამჟამინდელი ადგილსამყოფელი შეძენის თარიღი სრული შენახვის შიფრი შტრიხკოდი ბოლო ოპერაციის თარიღი ეგზემპლარის მიმდევრობითი ნომერი (კეტერი?) ფასის ძალაში შესვლის თარიღი ეგზემპლარის სახეობა
        შიდა ფონდი ბათუმის შოთა რუსთაველის სახელმწიფო უნივერსიტეტის მთავარი ბიბლიოთეკა ბათუმის შოთა რუსთაველის სახელმწიფო უნივერსიტეტის მთავარი ბიბლიოთეკა 2018-12-17 63 გ-12 133 დისერტ. 2018-12-17 133 2018-12-17 დისერტაცია